000 01261 a2200241 4500
001 60448
005 20260407155856.0
008 260407a1995 arg spa d
003 AR-UNSa-BCEJYS
040 _aAR-UNSa-BCEJYS
_bspa
_cAR-UNSa-BCEJYS
080 _a338.2(82)
_xPolítica económica. Control de la economía. Gestión de la economía. Planificación económica en Argentina
245 1 0 _aEl desarrollo ausente
_pRestricciones al desarrollo, neoconservadurismo y élite económica en la Argentina; ensayos de economía política
020 _a978-950-718-104-7
250 _a2a. ed.
264 1 _aBuenos Aires :
_bTesis Grupo Editorial Norma
_c1995
300 _a233 p.
_c22 cm.
505 _a1. Subdesarrollo y hegemonía neoconservadora ¿Veinte años no es nada? / Daniel Azpiazu; Hugo Nochteff - 2. Los senderos perdidos del desarrollo. Elite económica y restricciones al desarrollo en la Argentina / Hugo Nochteff – 3. La industria Argentina ante la Privatización, la Desregulación y la Apertura Asimétricas de la Economía. LA creciente polarización del poder económico / Daniel Azpiazu -
041 _aspa
942 _cBK
590 _aniveau_biblio:m niveau_hierar:0
100 1 _aAzpiazu, Daniel
700 1 _aNochteff, Hugo J.
999 _c7001
_d7001